| 000 | 00923nam a22002897a 4500 | ||
|---|---|---|---|
| 001 | 7467 | ||
| 003 | FISKH | ||
| 005 | 20250717155443.0 | ||
| 008 | 250717b cb ||||| |||| 00| 0 eng d | ||
| 020 | _a9780689847127 | ||
| 040 |
_aFISKH _beng _cFISKH _dFISKH |
||
| 050 | _aPZ8.B3199 T | ||
| 082 | _a813.6 | ||
| 100 | _aBauer, Marion Dane | ||
| 245 |
_aToes, ears , & nose ! / _cBy Marion Dane Bauer : Illustrated by Karen Katz |
||
| 260 |
_aNew York : _bLittle Simon , _c2003. |
||
| 300 |
_a16 unnumbered pages : _bcolor illustrations ; _c19 cm. |
||
| 505 | _aF | ||
| 520 | _aEngages readers to lift the flaps to see which body parts are hiding underneath clothing. | ||
| 521 | 8 |
_a300
_bLexile estimate |
|
| 521 | 8 |
_aF
_bRaz-Plus |
|
| 650 |
_aHuman body _vJuvenile Fiction |
||
| 650 |
_aFlaps _vJuvenile Fiction |
||
| 700 |
_aKatz, Karren _eIllustrator |
||
| 942 |
_2ddc _cBK _n0 |
||
| 999 |
_c7467 _d7467 |
||